| 000 | 00600cab a2200205 4500 | ||
|---|---|---|---|
| 001 | WB2340-45 | ||
| 008 | 090401t1987 xxu||||| |||| 00| 0 eng d | ||
| 035 | _a(Sirsi) u19566 | ||
| 041 | _aeng | ||
| 245 | _aPension funds shun property | ||
| 260 | _c1987 | ||
| 350 | _a0 | ||
| 490 |
_aEstates Times _vno 915, 9/10/87 p5 |
||
| 520 | _aIn its latest property performance review, WM Company reports that pension funds are still reluctant to invest in property. | ||
| 650 | _aINSTITUTIONS | ||
| 650 | _aINVESTMENT | ||
| 690 | _aPROPERTY-COMMERCIAL PROPERTY | ||
| 942 | _n0 | ||
| 948 | _c04/03/1997 | ||
| 999 |
_c13074 _d13074 |
||